Essential calculus, with applications

Saved in:
Bibliographic Details
Main Author: Silverman, Richard A.
Format: Book
Language:English
Published: Philadelphia : Saunders, 1977
Subjects:
Tags: Add Tag
No Tags, Be the first to tag this record!

MARC

LEADER 00000cam a2200000 i 4500
001 1/31739
008 950810s1977 eng d
020 |a 0721682766 
035 |l 10023632 
040 |a GR-MY-UA  |b gre  |e aacr 
041 0 |a eng 
082 0 |a 515 
100 1 |a Silverman, Richard A. 
245 1 0 |a Essential calculus, with applications /  |c Richard A. Silverman 
260 |a Philadelphia :   |b Saunders,   |c 1977 
300 |a xii, 267 p.;  |b ill.;  |c 27 cm 
500 |a Includes index 
650 0 0 |a Calculus. 
852 |a INST  |b CHIOS  |e 19950810  |h 515 SIL  |p 005200001200  |q 005200001200  |t BK  |y 0 
909 |a Χ  |b 013377